| 000 | 00628nam a22002177a 4500 | ||
|---|---|---|---|
| 003 | OSt | ||
| 005 | 20150309143141.0 | ||
| 008 | 150309b xxu||||| |||| 00| 0 eng d | ||
| 020 | _a84-236-2100-6 | ||
| 040 | _cBMC | ||
| 082 | _a863 | ||
| 100 | 1 |
_aCervantes Saavedra, Miguel de _d1547-1616 _926819 |
|
| 245 | 1 | 3 |
_aLa gitanilla _cMiguel de Cervantes ; cubierta e ilustraciones, Araceli Sanz |
| 260 |
_aBarcelona _bEdebé _ccop. 1988 |
||
| 300 |
_a96 p. _bil. _c22 cm |
||
| 490 | _aLos Leones | ||
| 500 | _aÍndice: p. 96 | ||
| 650 | 2 | 4 |
_929289 _aNovela española |
| 700 | 1 |
_aSanz, Araceli _931116 |
|
| 942 |
_2ddc _cBK _hahoj |
||
| 999 |
_c19388 _d19388 |
||